Guess The Horror Game From The Main Antagonist - Statistics

General Stats
  • This quiz has been taken 185 times
  • The average score is 9 of 30
Answer Stats
Main Antagonist Horror Game % Correct
William Afton Five Nights at Freddy’s
89%
Slenderman Slender: The Eight Pages
83%
Albert Wesker Resident Evil
78%
The Ink Demon Bendy and the Ink Machine
76%
Baldi Baldi’s Basics
70%
The Walrider Outlast
54%
Dahlia Gillespie Silent Hill
48%
SCP-173 SCP: Containment Breach
43%
Alexander of Brennenburg Amnesia: The Dark Descent
33%
Ruvik The Evil Within
29%
The Entity Dead By Daylight
28%
Mr. Hopp Mr. Hopp’s Playhouse
28%
Frank Fontaine BioShock
24%
The Lady Little Nightmares
23%
The Sevastopol Drone Alien: Isolation
22%
Josh Washington Until Dawn
22%
The Hive Mind Dead Space
20%
Lisa’s Husband P.T.
14%
The WAU Soma
14%
Silas Vorez The Quarry
14%
The Womb Ripper Bloodwash
13%
Blue Knees MADiSON
12%
Jimmy Hall At Dead of Night
11%
Theodore Peterson Hello Neighbor
9%
John_The_Dev’s Wife No Players Online
8%
The Dark Ones Evil Dead: The Game
5%
The Antagonist Hatred
5%
Sotiris Lost in Vivo
4%
Duncan Cole The Callisto Protocol
4%
The Frog Iron Lung
3%
No matching quizzes found
Score Distribution
Percent of People with Each Score
Percentile by Number Answered
Your Score History
You have not taken this quiz